| 000 | 00000nam##2200000za#4500 |
| 001 | 9.578672 |
| 003 | CaOODSP |
| 005 | 20211126112845 |
| 007 | cr ||||||||||| |
| 008 | 150406|2000||||xxc|||||o f|0| 0 eng|d |
| 022 | |a1701-9397 |
| 040 | |aCaOODSP|beng |
| 043 | |an-cn--- |
| 086 | 1 |aFB3-2/100-7E-PDF |
| 110 | 2 |aBank of Canada. |
| 245 | 10|aNon-parametric and neural network models of inflation changes / |h[electronic resource]|cby Greg Tkacz. |
| 260 | |aOttawa - Ontario : |bBank of Canada |cApril 2000. |
| 300 | |a26p.|bgraphs, references |
| 490 | 1 |aBank of Canada working paper|x1701-9397|v2000-7 |
| 500 | |a"The present study extends Tkacz (1999a) by examining more general non-linear models in order to obtain more accurate estimates of the underlying non-linearities."--Page 2. |
| 520 | 3 |aThe present study extends Tkacz (1999a) by examining more general non-linear models in order to obtain more accurate estimates of the underlying non-linearities.--Page 2 |
| 546 | |aRésumés en français |
| 590 | |a14-03-Supp|b2014-01-17 |
| 690 | 07|aInflation|2gcpds |
| 690 | 07|aInterest rates|2gcpds |
| 776 | 0#|tNon-parametric and neural network models of inflation changes / |w(CaOODSP)9.615182 |
| 830 | #0|aWorking paper (Bank of Canada)|x1701-9397|v2000-7|w(CaOODSP)9.504604 |
| 856 | 40|ahttp://publications.gc.ca|qPDF|s171 KB|uhttps://publications.gc.ca/collections/collection_2014/banque-bank-canada/FB3-2-100-7-eng.pdf|y2000-7 |